000 01918cam a22004694i 4500
003 PE-LiUPU
005 20250731172945.0
008 150623s1994 miu rb 000 0 eng d
020 _a0310432502
035 _a(Sirsi) i9780310432500
040 _aPE-LiUPU
_bspa
_cPE-LiUPU
_erda
049 _aPRUA
082 0 4 _a221.61
_bD75
_221
100 1 _aDillard, Raymond B.,
_eautor.
245 1 3 _aAn introduction to the old testament /
_cRaymond B. Dillard.
264 1 _aMichigan :
_bZondervan Publishing House,
_c1994.
300 _a473 páginas ;
_c24 centímetros
336 _atext
_2rdacontent
337 _aunmediated
_2rdamedia
338 _avolume
_2rdacarrier
504 _aIncluye bibliografía.
505 0 _aIntroduction -- Genesis -- Exodus -- Leviticus -- Numbers -- Deuteronomy -- Joshua -- Judges -- Ruth -- Samuel -- Kings -- Chronicles -- Ezra-Nehemiah -- Esther-- Job -- Psalms -- Proverbs - -Ecclesiastes -- Song of songs -- Isaiah -- Jeremiah -- Lamentations -- Ezekiel -- Daniel -- Hosea -- Joel -- Amos -- Obadiah -- Jonah -- Micah -- Nauhm -- Habakkuk -- Zephaniah -- Haggai -- Zechariah -- Malachi.
526 _aSEG42
526 _aSEG41
526 _aSEG40
526 _aSEG39
526 _aP94
526 _aP87
526 _aP86
526 _aP85
526 _aP77
526 _aP76
526 _aP35
630 0 4 _aBiblia.
_pA.T.
_xIntroducciones.
700 1 _aLongman III, Tremper.
942 _2ddc
_cBOOK
949 _a221.61 D75
_wDEWEY
_c1
_i44722
_d2016-5-15
_e2016-5-12
_lCCODEBUL1
_mBUL
_n3
_r0
_sY
_tBOOK
_u2015-6-24
_xTEOLOGIA
_PP35
_0COMPRA
_o.STAFF. Colección General
994 _aC0
_bPEPRU
596 _a1
999 _a221.61 D75
_wDEWEY
_c21587
_i44722
_d21587
_e2016-5-12
_f2021-11-9
_g5
_lCCODEBUL1
_mBUL
_n3
_p23.00
_q13
_r0
_sY
_tBOOK
_u2015-6-24
_xTEOLOGIA
_PP35
_0COMPRA
_o.STAFF. Colección Teología
980 _81
_gALBERTO SANCHEZ Responsable de Automatización